[Event "CZE-chT2C 1718"]
[Site "Czech Republic"]
[Date "2017.12.03"]
[Round "4.7"]
[White "Fojtu, Jan"]
[Black "Zak, Zbynek"]
[Result "1-0"]
[WhiteElo "2122"]
[BlackElo "1978"]
[PlyCount "119"]
[EventDate "2017.10.15"]
[EventType "team-tourn"]
[EventRounds "11"]
[EventCountry "CZE"]
[SourceTitle "EXT 2022"]
[Source "ChessBase"]
[SourceDate "2021.10.06"]
[SourceVersion "1"]
[SourceVersionDate "2021.10.06"]
[SourceQuality "1"]
[WhiteTeam "Ricany"]
[BlackTeam "Kolin"]
[WhiteTeamCountry "CZE"]
[BlackTeamCountry "CZE"]

1. e4 d5 2. exd5 Nf6 3. d4 Qxd5 4. Nc3 Qa5 5. Bc4 Bf5 6. Nf3 e6 7. 0-0 Nbd7 8. a3 c6 9. Bf4 Be7 10. b4 Qd8 11. Ne2 Nd5 12. Bg3 0-0 13. Bb3 Bg4 14. c4 Bxf3 15. gxf3 N5f6 16. Qd3 Nh5 17. Bc2 g6 18. Qe3 Re8 19. Kg2 Bg5 20. f4 Bh6 21. Qf3 Qf6 22. Be4 Nb6 23. Rac1 Rad8 24. Kh1 Re7 25. Rg1 Kf8 26. Rc2 Red7 27. a4 Nc8 28. b5 cxb5 29. axb5 Nd6 30. Ra1 Nxe4 31. Qxe4 b6 32. f3 Nxg3+ 33. hxg3 Qe7 34. c5 f5 35. Qe3 bxc5 36. dxc5 Rd3 37. Qf2 Bg7 38. Rb1 e5 39. fxe5 Bxe5 40. Kg2 Qc7 41. Ra2 Qf7 42. Ra4 g5 43. c6 g4 44. fxg4 Qd5+ 45. Kh2 Rf3 46. Qg2 Rd6 47. g5 Re3 48. Qxd5 Rxd5 49. Ra2 Rdd3 50. Rc1 Bc7 51. Rcc2 Bxg3+ 52. Nxg3 Rxg3 53. c7 Rh3+ 54. Kg2 Rhg3+ 55. Kf1 Rgf3+ 56. Rf2 Rxf2+ 57. Kxf2 Rc3 58. Rxa7 Ke8 59. b6 Kd7 60. Ra8 1-0

[Event "CZE-chT2C 1617"]
[Site "Czech Republic"]
[Date "2016.11.27"]
[Round "4.5"]
[White "Pychova, Nela"]
[Black "Fojtu, Jan"]
[Result "0-1"]
[WhiteElo "2161"]
[BlackElo "2122"]
[PlyCount "92"]
[EventDate "2016.10.09"]
[EventType "team-tourn"]
[EventRounds "11"]
[EventCountry "CZE"]
[SourceTitle "EXT 2022"]
[Source "ChessBase"]
[SourceDate "2021.10.06"]
[SourceVersion "1"]
[SourceVersionDate "2021.10.06"]
[SourceQuality "1"]
[WhiteTeam "Vlasim"]
[BlackTeam "Ricany"]
[WhiteTeamCountry "CZE"]
[BlackTeamCountry "CZE"]

1. c4 e5 2. Nc3 Nf6 3. g3 c6 4. Nf3 e4 5. Nd4 d5 6. cxd5 cxd5 7. Bg2 Nc6 8. Nxc6 bxc6 9. d3 exd3 10. Qxd3 Bc5 11. 0-0 0-0 12. b3 Re8 13. Na4 Bd6 14. Be3 a5 15. Qc2 Bd7 16. Bc5 Bc7 17. Rac1 Rc8 18. Bd4 Ne4 19. Qb2 f6 20. Rc2 Be5 21. Rfc1 Kh8 22. Bxe5 fxe5 23. Nc5 Nxc5 24. Rxc5 Qb6 25. Qc2 e4 26. Qc3 Ra8 27. Rd1 a4 28. b4 a3 29. Rb1 Reb8 30. e3 Ra4 31. b5 cxb5 32. Rxd5 Qe6 33. Qc7 Qxd5 34. Qxb8+ Qg8 35. Qxg8+ Kxg8 36. Bf1 Ra5 37. Be2 Be6 38. Bxb5 Bxa2 39. Ra1 Bd5 40. Be2 a2 41. f3 exf3 42. Bd3 Ra3 43. e4 Rxd3 44. exd5 Rd2 45. d6 Kf7 46. Rf1 Ke6 0-1

[Event "CZE-chT2C 1516"]
[Site "Czech Republic"]
[Date "2015.11.22"]
[Round "3.6"]
[White "Stinka, Jakub"]
[Black "Fojtu, Jan"]
[Result "1-0"]
[WhiteElo "1962"]
[BlackElo "2104"]
[PlyCount "53"]
[EventDate "2015.10.18"]
[EventType "team-tourn"]
[EventRounds "11"]
[EventCountry "CZE"]
[SourceTitle "EXT 2022"]
[Source "ChessBase"]
[SourceDate "2021.10.06"]
[SourceVersion "1"]
[SourceVersionDate "2021.10.06"]
[SourceQuality "1"]
[WhiteTeam "Pisek"]
[BlackTeam "Ricany"]
[WhiteTeamCountry "CZE"]
[BlackTeamCountry "CZE"]

1. e4 c5 2. Nf3 e6 3. d4 cxd4 4. Nxd4 a6 5. Nc3 Qc7 6. Be3 Nf6 7. Bd3 b5 8. 0-0 Bb7 9. f4 b4 10. e5 bxc3 11. exf6 gxf6 12. bxc3 Qxc3 13. Rb1 Bd5 14. Ne2 Qc7 15. f5 Bd6 16. Nf4 Bxf4 17. Rxf4 e5 18. Rfb4 Rg8 19. g3 Ke7 20. Be2 Bc6 21. Bb6 Qd6 22. Qxd6+ Kxd6 23. Rd1+ Ke7 24. Bc5+ Ke8 25. Bd6 Bb5 26. c4 Nc6 27. cxb5 1-0

[Event "CZE-chT2C 1415"]
[Site "Czech Republic"]
[Date "2015.01.11"]
[Round "5.4"]
[White "Tuma, Jan"]
[Black "Fojtu, Jan"]
[Result "1-0"]
[WhiteElo "2200"]
[BlackElo "2158"]
[PlyCount "33"]
[EventDate "2014.11.02"]
[EventType "team-tourn"]
[EventRounds "11"]
[EventCountry "CZE"]
[SourceTitle "EXT 2022"]
[Source "ChessBase"]
[SourceDate "2021.10.06"]
[SourceVersion "1"]
[SourceVersionDate "2021.10.06"]
[SourceQuality "1"]
[WhiteTeam "Kutna Hora"]
[BlackTeam "Ricany"]
[WhiteTeamCountry "CZE"]
[BlackTeamCountry "CZE"]

1. e4 c5 2. Ne2 e6 3. Nbc3 a6 4. d4 cxd4 5. Nxd4 b5 6. g3 Bb7 7. Bg2 d5 8. exd5 b4 9. Ne4 Bxd5 10. 0-0 Ne7 11. c4 bxc3 12. Qa4+ Nec6 13. Nxc6 Nxc6 14. Rd1 Qa5 15. Nf6+ gxf6 16. Qxc6+ Ke7 17. Rxd5 1-0

[Event "CZE-chT2C 0809"]
[Site "Czech Republic"]
[Date "2009.02.08"]
[Round "8.4"]
[White "Benes, Petr"]
[Black "Fojtu, Jan"]
[Result "0-1"]
[WhiteElo "2136"]
[BlackElo "2115"]
[PlyCount "76"]
[EventDate "2008.10.12"]
[EventType "team-tourn"]
[EventRounds "11"]
[EventCountry "CZE"]
[SourceTitle "EXT 2010"]
[Source "ChessBase"]
[SourceDate "2010.11.25"]
[SourceVersion "1"]
[SourceVersionDate "2010.11.25"]
[SourceQuality "1"]
[WhiteTeam "Kolin"]
[BlackTeam "Ricany"]
[WhiteTeamCountry "CZE"]
[BlackTeamCountry "CZE"]

1. d4 Nf6 2. Nf3 e6 3. g3 b6 4. Bg2 Bb7 5. 0-0 c5 6. c3 Be7 7. Nbd2 0-0 8. Re1 d5 9. Ne5 Nc6 10. Ndf3 Rc8 11. Nxc6 Bxc6 12. Ne5 Bb7 13. Be3 Nd7 14. Nd3 c4 15. Nf4 b5 16. h4 a5 17. f3 b4 18. Bf2 Nb6 19. e4 Qc7 20. e5 Bc6 21. Qd2 bxc3 22. bxc3 Na4 23. Nh5 Rb8 24. Qf4 Kh8 25. Be3 Nxc3 26. Qg4 Rg8 27. Nf4 Bd7 28. Bh3 Rb2 29. Qh5 Be8 30. Qg4 a4 31. Bf1 a3 32. h5 Nxa2 33. Qh3 Nc3 34. Bc1 Qb6 35. Be3 a2 36. Rec1 Rb1 37. Qh2 Rxa1 38. Rxa1 Qb1 0-1

[Event "CZE-chT2C 0809"]
[Site "Czech Republic"]
[Date "2009.01.11"]
[Round "6.1"]
[White "Mozny, Milos"]
[Black "Fojtu, Jan"]
[Result "1-0"]
[WhiteElo "2375"]
[BlackElo "2115"]
[PlyCount "155"]
[EventDate "2008.10.12"]
[EventType "team-tourn"]
[EventRounds "11"]
[EventCountry "CZE"]
[SourceTitle "EXT 2010"]
[Source "ChessBase"]
[SourceDate "2010.11.25"]
[SourceVersion "1"]
[SourceVersionDate "2010.11.25"]
[SourceQuality "1"]
[WhiteTeam "Turnov Zikuda II"]
[BlackTeam "Ricany"]
[WhiteTeamCountry "CZE"]
[BlackTeamCountry "CZE"]

1. Nf3 Nf6 2. d4 e6 3. c4 b6 4. g3 Bb7 5. Bg2 d5 6. cxd5 exd5 7. 0-0 Bd6 8. Nc3 c6 9. Nh4 0-0 10. Nf5 Bc7 11. e4 dxe4 12. Nxe4 Bc8 13. Ne3 Nxe4 14. Bxe4 f5 15. Bg2 f4 16. Nc4 Ba6 17. b3 Qf6 18. Ba3 f3 19. Bh1 c5 20. dxc5 Bxc4 21. bxc4 Nc6 22. Qd5+ Kh8 23. Rad1 Rad8 24. Qe4 Nd4 25. Rxd4 Rxd4 26. Qb7 Rf7 27. Bb2 Be5 28. Qa6 Rd8 29. Bxe5 Qxe5 30. cxb6 axb6 31. Qxb6 Rb8 32. Qc6 Rf6 33. Qd5 Qe2 34. Qd1 Qxd1 35. Rxd1 g5 36. g4 h5 37. gxh5 Rb4 38. h3 Rxc4 39. Kh2 g4 40. Rd3 Rc2 41. hxg4 Rxf2+ 42. Kg3 Rxa2 43. Bxf3 Kg7 44. Be4 Ra4 45. Bf5 Kh6 46. Rd5 Rb6 47. Kh4 Rf6 48. Bc2 Raf4 49. Bd3 Ra4 50. Rd7 Rxg4+ 51. Kxg4 Rg6+ 52. Kf4 Rg4+ 53. Kf3 Rg7 54. Rd5 Rg5 55. Bf5 Rxh5 56. Kf4 Rh4+ 57. Bg4 Rh1 58. Rd6+ Kg7 59. Kg5 Rf1 60. Rd7+ Rf7 61. Rd6 Rf1 62. Rb6 Rf2 63. Rb1 Rf6 64. Bf5 Rf7 65. Rh1 Kf8 66. Bg6 Rd7 67. Re1 Kg7 68. Bf5 Rf7 69. Re6 Kf8 70. Kf4 Re7 71. Rh6 Rg7 72. Ke5 Re7+ 73. Be6 Kg7 74. Rh1 Ra7 75. Rg1+ Kh7 76. Kf6 Kh8 77. Rb1 Rb7 78. Rd1 1-0

[Event "CZE-chT2C 0809"]
[Site "Czech Republic"]
[Date "2008.12.07"]
[Round "4.2"]
[White "Fojtu, Jan"]
[Black "Spacek, Petr"]
[Result "1/2-1/2"]
[WhiteElo "2115"]
[BlackElo "2423"]
[PlyCount "74"]
[EventDate "2008.10.12"]
[EventType "team-tourn"]
[EventRounds "11"]
[EventCountry "CZE"]
[SourceTitle "EXT 2010"]
[Source "ChessBase"]
[SourceDate "2010.11.25"]
[SourceVersion "1"]
[SourceVersionDate "2010.11.25"]
[SourceQuality "1"]
[WhiteTeam "Ricany"]
[BlackTeam "Lysa nad Labem II"]
[WhiteTeamCountry "CZE"]
[BlackTeamCountry "CZE"]

1. e4 d6 2. d4 Nf6 3. Bd3 e5 4. d5 Be7 5. Ne2 Nbd7 6. 0-0 0-0 7. f3 Nc5 8. Be3 Nfd7 9. Nbc3 Bg5 10. Bf2 c6 11. Ng3 Nxd3 12. Qxd3 Nb6 13. Rfd1 c5 14. b3 Bd7 15. a4 g6 16. Nb5 Nc8 17. Rdb1 b6 18. a5 bxa5 19. Be1 Qb6 20. c4 Bxb5 21. Bxa5 Qb7 22. cxb5 Rb8 23. b4 Qxb5 24. Qc3 c4 25. Ne2 f5 26. Qe1 Qd7 27. Qc3 fxe4 28. fxe4 Qg4 29. Qxc4 Be3+ 30. Kh1 Rf2 31. Ng3 Nb6 32. Qd3 Bd4 33. Rf1 Rbf8 34. Rxf2 Bxf2 35. Rf1 h5 36. Ne2 h4 37. Nc3 Qd7 1/2-1/2

[Event "Ricany op-B"]
[Site "Ricany"]
[Date "2008.08.30"]
[Round "9"]
[White "Fojtu, Jan"]
[Black "Sadil, Jan"]
[Result "1-0"]
[WhiteElo "1250"]
[BlackElo "1000"]
[PlyCount "47"]
[EventDate "2008.08.23"]
[EventType "swiss"]
[EventRounds "9"]
[EventCountry "CZE"]
[SourceTitle "CBM 126 Extra"]
[Source "ChessBase"]
[SourceDate "2008.11.05"]
[SourceVersion "1"]
[SourceVersionDate "2008.11.05"]
[SourceQuality "1"]

1. e4 e5 2. Nf3 Nf6 3. Nc3 Bb4 4. d3 Bxc3+ 5. bxc3 d6 6. Rb1 Nc6 7. Be2 0-0 8. 0-0 d5 9. exd5 Nxd5 10. Bd2 b6 11. c4 Nf6 12. Bc3 Re8 13. Rb5 e4 14. dxe4 Nxe4 15. Rd5 Qe7 16. Bd2 Be6 17. Rb5 Rad8 18. Bd3 Nxd2 19. Nxd2 a6 20. Rb1 Qg5 21. Qf3 Qxd2 22. Qxc6 Rd7 23. Rbe1 Ree7 24. Qa8+ 1-0

[Event "Ricany op-A"]
[Site "Ricany"]
[Date "2008.08.29"]
[Round "8"]
[White "Vokac, Marek"]
[Black "Fojtu, Jan"]
[Result "1-0"]
[WhiteElo "2451"]
[BlackElo "2105"]
[PlyCount "125"]
[EventDate "2008.08.23"]
[EventType "swiss"]
[EventRounds "9"]
[EventCountry "CZE"]
[SourceTitle "CBM 126 Extra"]
[Source "ChessBase"]
[SourceDate "2008.11.05"]
[SourceVersion "1"]
[SourceVersionDate "2008.11.05"]
[SourceQuality "1"]

1. Nf3 Nf6 2. c4 e6 3. g3 b6 4. Bg2 Bb7 5. 0-0 Be7 6. b3 0-0 7. Bb2 c5 8. e3 Qc7 9. Qe2 Nc6 10. Rd1 d5 11. Nc3 dxc4 12. bxc4 Rad8 13. d3 Nd7 14. Ne1 Nce5 15. f4 Bxg2 16. Qxg2 Nc6 17. g4 f6 18. Qe4 e5 19. f5 Rfe8 20. Nf3 Nf8 21. Kf2 Qd7 22. Rd2 Nb4 23. a3 Nc6 24. Rg1 h6 25. h4 Nh7 26. Nd5 Rf8 27. Ke1 b5 28. cxb5 Qxd5 29. Qxd5+ Rxd5 30. bxc6 Rc8 31. Ke2 Rxc6 32. Rc1 Rc8 33. Rdc2 Rb8 34. Nd2 Nf8 35. Nc4 Rdd8 36. Bc3 Nd7 37. Rb2 Rxb2+ 38. Bxb2 Rb8 39. Bc3 Kf8 40. Kd2 Ke8 41. Kc2 Kd8 42. Ba5+ Nb6 43. Rb1 Kc7 44. a4 Rb7 45. e4 Kc6 46. Bxb6 axb6 47. g5 hxg5 48. hxg5 Bd8 49. g6 Ra7 50. Nb2 Be7 51. Rh1 Ra8 52. Rh7 Rg8 53. Nc4 Bd6 54. Ne3 Bf8 55. Nd5 Bd6 56. Kc3 Bf8 57. Kb3 Bd6 58. Kc4 Bf8 59. Rh1 Bd6 60. Rb1 Rb8 61. Rb5 Rb7 62. a5 bxa5 63. Rxb7 1-0

[Event "Ricany op-B"]
[Site "Ricany"]
[Date "2008.08.27"]
[Round "6"]
[White "Fojtu, Jan"]
[Black "Janouchova, Marcela"]
[Result "0-1"]
[WhiteElo "1250"]
[BlackElo "1543"]
[PlyCount "52"]
[EventDate "2008.08.23"]
[EventType "swiss"]
[EventRounds "9"]
[EventCountry "CZE"]
[SourceTitle "CBM 126 Extra"]
[Source "ChessBase"]
[SourceDate "2008.11.05"]
[SourceVersion "1"]
[SourceVersionDate "2008.11.05"]
[SourceQuality "1"]

1. e4 Nf6 2. Nc3 d5 3. exd5 Nxd5 4. Nf3 Nxc3 5. bxc3 g6 6. Be2 Bg7 7. Rb1 0-0 8. c4 e5 9. d3 Nc6 10. 0-0 b6 11. Bb2 f5 12. Nd2 Bb7 13. a3 Qe7 14. Bf3 Rad8 15. Bd5+ Kh8 16. Qc1 Na5 17. Bxb7 Nxb7 18. Re1 Rfe8 19. f3 Qd6 20. Kh1 Nc5 21. Rd1 Bh6 22. Re1 Kg8 23. Bxe5 Rxe5 24. Rf1 Re2 25. Qd1 Rxd2 26. Qc1 Re8 0-1

[Event "Ricany op-B"]
[Site "Ricany"]
[Date "2008.08.25"]
[Round "4"]
[White "Fojtu, Jan"]
[Black "Sochurek, Pavel"]
[Result "1-0"]
[WhiteElo "1250"]
[BlackElo "1451"]
[PlyCount "89"]
[EventDate "2008.08.23"]
[EventType "swiss"]
[EventRounds "9"]
[EventCountry "CZE"]
[SourceTitle "CBM 126 Extra"]
[Source "ChessBase"]
[SourceDate "2008.11.05"]
[SourceVersion "1"]
[SourceVersionDate "2008.11.05"]
[SourceQuality "1"]

1. e4 c5 2. Nf3 Nc6 3. Nc3 d6 4. d4 cxd4 5. Nxd4 Nf6 6. Nxc6 bxc6 7. Bc4 e5 8. Be3 Be7 9. Qd2 Bb7 10. 0-0-0 Ng4 11. Qe2 Nxe3 12. fxe3 Qc7 13. Rhf1 f6 14. Qg4 g6 15. h4 Rf8 16. h5 Bc8 17. Qf3 Bd7 18. hxg6 hxg6 19. Ba6 Qb6 20. Qe2 f5 21. exf5 gxf5 22. Na4 Qc7 23. Nc3 e4 24. Qh5+ Kd8 25. Qh6 Qb6 26. Be2 Kc7 27. Qf4 Rab8 28. b3 Qb4 29. Na4 Qa3+ 30. Kd2 Qb4+ 31. c3 Qa5 32. Rb1 c5 33. Bc4 Kc6 34. Ra1 Kc7 35. Nb2 Bf6 36. Rfc1 Be5 37. Qf1 Rh8 38. Bf7 Rhf8 39. Nc4 Qa6 40. Nxe5 Qxf1 41. Rxf1 dxe5 42. Bc4 Bc6 43. b4 cxb4 44. cxb4 f4 45. Be2 1-0

[Event "Ricany op-A"]
[Site "Ricany"]
[Date "2008.08.24"]
[Round "2"]
[White "Fojtu, Jan"]
[Black "Vitous, Milan"]
[Result "1-0"]
[WhiteElo "2105"]
[BlackElo "1910"]
[PlyCount "41"]
[EventDate "2008.08.23"]
[EventType "swiss"]
[EventRounds "9"]
[EventCountry "CZE"]
[SourceTitle "CBM 126 Extra"]
[Source "ChessBase"]
[SourceDate "2008.11.05"]
[SourceVersion "1"]
[SourceVersionDate "2008.11.05"]
[SourceQuality "1"]

1. e4 c5 2. Nf3 d6 3. d4 cxd4 4. Nxd4 Nf6 5. Bd3 a6 6. c4 Nbd7 7. Nc3 e6 8. Be3 Qc7 9. Rc1 b6 10. f3 Bb7 11. 0-0 Be7 12. b4 Ne5 13. Be2 0-0 14. f4 Nc6 15. Bf3 Rfd8 16. Nd5 exd5 17. cxd5 Rac8 18. dxc6 Ba8 19. Qa4 Ne8 20. Qxa6 Bf6 21. Nb5 1-0

[Event "Ricany op-A"]
[Site "Ricany"]
[Date "2008.08.23"]
[Round "1"]
[White "Rutter, Lidmila"]
[Black "Fojtu, Jan"]
[Result "0-1"]
[WhiteElo "1893"]
[BlackElo "2105"]
[PlyCount "64"]
[EventDate "2008.08.23"]
[EventType "swiss"]
[EventRounds "9"]
[EventCountry "CZE"]
[SourceTitle "CBM 126 Extra"]
[Source "ChessBase"]
[SourceDate "2008.11.05"]
[SourceVersion "1"]
[SourceVersionDate "2008.11.05"]
[SourceQuality "1"]

1. e4 c5 2. Nf3 Nc6 3. d4 cxd4 4. Nxd4 Nf6 5. Nc3 d6 6. Bc4 e6 7. Bg5 Be7 8. Qd2 0-0 9. 0-0-0 a6 10. Bxf6 gxf6 11. f4 Qa5 12. Rhf1 Qc5 13. Nxc6 bxc6 14. Qe2 d5 15. exd5 cxd5 16. Bd3 f5 17. Rf3 f6 18. Rh3 Rb8 19. Bxa6 Bd7 20. Rdd3 Rf7 21. Rdg3+ Kf8 22. Nd1 Bd6 23. Rf3 Rb4 24. g3 Qa5 25. Ra3 Qb6 26. Bd3 Qc6 27. Ra6 Rb6 28. Bb5 Qb7 29. Rxb6 Qxb6 30. Bxd7 Rxd7 31. Rh6 Rf7 32. Qxe6 Bxf4+ 0-1

[Event "CZE-ch U18"]
[Site "Havlickuv Brod"]
[Date "2008.02.21"]
[Round "10"]
[White "Fojtu, Jan"]
[Black "Uricar, Jakub"]
[Result "1/2-1/2"]
[WhiteElo "2052"]
[BlackElo "2063"]
[PlyCount "100"]
[EventDate "2008.02.14"]
[EventType "tourn"]
[EventRounds "11"]
[EventCountry "CZE"]
[SourceTitle "CBM 122 Extra"]
[Source "ChessBase"]
[SourceDate "2008.03.04"]
[SourceVersion "1"]
[SourceVersionDate "2008.03.04"]
[SourceQuality "1"]

1. e4 c5 2. Nf3 Nc6 3. d4 cxd4 4. Nxd4 g6 5. Nc3 Bg7 6. Nde2 Nf6 7. g3 d6 8. Bg2 0-0 9. 0-0 Bd7 10. h3 a6 11. a4 Nb4 12. Be3 a5 13. Qd2 Bc6 14. f4 Nd7 15. Nd4 Rc8 16. Rac1 Nc5 17. b3 b6 18. Nxc6 Nxc6 19. Nb5 Nb4 20. Bd4 Bxd4+ 21. Qxd4 Ne6 22. Qd2 Nc7 23. Nd4 Ne8 24. c3 Nc6 25. Nb5 Nc7 26. b4 Nxb5 27. axb5 Nb8 28. bxa5 bxa5 29. c4 Qb6+ 30. Qf2 Nd7 31. Bf3 Nc5 32. Kg2 Rc7 33. Qd4 Na4 34. Rfd1 Qxd4 35. Rxd4 f6 36. e5 fxe5 37. fxe5 Nb6 38. exd6 exd6 39. Rxd6 Na4 40. Ra6 Nc5 41. Rc6 Rxc6 42. Bxc6 a4 43. Ra1 Kg7 44. Re1 Kf6 45. Rd1 Ke6 46. Rd5 Nb3 47. Rd7 Na5 48. Ra7 Nxc4 49. Rxa4 Ne3+ 50. Kg1 Rf1+ 1/2-1/2

[Event "CZE-ch U18"]
[Site "Havlickuv Brod"]
[Date "2008.02.18"]
[Round "6"]
[White "Stukner, Simon"]
[Black "Fojtu, Jan"]
[Result "1-0"]
[WhiteElo "2057"]
[BlackElo "2052"]
[PlyCount "79"]
[EventDate "2008.02.14"]
[EventType "tourn"]
[EventRounds "11"]
[EventCountry "CZE"]
[SourceTitle "CBM 122 Extra"]
[Source "ChessBase"]
[SourceDate "2008.03.04"]
[SourceVersion "1"]
[SourceVersionDate "2008.03.04"]
[SourceQuality "1"]

1. e4 c5 2. Nf3 Nc6 3. d4 cxd4 4. Nxd4 Nf6 5. Nc3 e5 6. Ndb5 d6 7. Bg5 a6 8. Bxf6 gxf6 9. Na3 b5 10. Nd5 f5 11. c3 Bg7 12. exf5 Bxf5 13. Nc2 0-0 14. Nce3 Be6 15. Bd3 f5 16. 0-0 Rc8 17. a4 e4 18. Nf4 Bf7 19. Bc2 Be5 20. Nfd5 Qg5 21. f4 exf3 22. Rxf3 f4 23. h4 Qxh4 24. Rh3 Qg5 25. Bxh7+ Kh8 26. Bc2+ Kg8 27. Bh7+ Kh8 28. Ng4 Kg7 29. Be4 Rh8 30. Nf2 Be6 31. Rxh8 Rxh8 32. axb5 axb5 33. Nc7 Nd8 34. Ra8 f3 35. Nxe6+ Nxe6 36. Ra7+ Kg8 37. Qxf3 Qc1+ 38. Nd1 Bh2+ 39. Kf1 Bf4 40. Qg4+ 1-0